LEADER 01542nam0 22003013i 450 001 VAN0261070 005 20230710120554.177 017 70$2N$a9789811687556 100 $a20230710d2022 |0itac50 ba 101 $aeng 102 $aSG 105 $a|||| ||||| 200 1 $aPolymer-Based Advanced Functional Materials for Energy and Environmental Applications$feditors Nithin Kundachira Subramani ... [et al.] 210 $aSingapore$cSpringer$d2022 215 $aXV, 269 p.$cill.$d24 cm 410 1$1001VAN0125043$12001 $aEnergy, Environment, and Sustainability$1210 $aSingapore$cSpringer$d2018- 620 $aSG$dSingapore$3VANL000061 702 1$aKundachira Subramani$bNithin$3VANV215245 712 $aSpringer $3VANV108073$4650 790 1$aSubramani, Nithin Kundachira <1987->$zKundachira Subramani, Nithin$3VANV215246 801 $aIT$bSOL$c20240614$gRICA 856 4 $uhttps://link.springer.com/book/10.1007/978-981-16-8755-6$zE-book - Accesso al full-text attraverso riconoscimento IP di Ateneo, proxy e/o Shibboleth 899 $aBIBLIOTECA DEL DIPARTIMENTO DI SCIENZE E TECNOLOGIE AMBIENTALI BIOLOGICHE E FARMACEUTICHE$1IT-CE0101$2VAN17 912 $fN 912 $aVAN0261070 950 $aBIBLIOTECA DEL DIPARTIMENTO DI SCIENZE E TECNOLOGIE AMBIENTALI BIOLOGICHE E FARMACEUTICHE$d17CONS e-book 2306 $e17BIB2306/71 71 20230710 996 $aPolymer-Based Advanced Functional Materials for Energy and Environmental Applications$92588763 997 $aUNICAMPANIA